000 00544nam a2200193Ia 4500
005 20250508170202.0
008 008 250505s9999 xx 000 0 eng d
037 _aReference
040 _aFEDL
_beng
_cFEDL
041 _aeng
_2eng
084 _a362.4, CAR/RR
_qFEDL
100 _aCarey Allison C
_9783363
245 0 _aDisability and the sociological imagination
260 _aLos Angeles, USA
_bSage
_c2022
300 _axix, 332p.
365 _aPrice varies
942 _cREF
_h362.4, CAR/RR
999 _c1399678
_d1399678